00713nam a2200145Ia 4500008004100000050002400041100003000065245019400095260008600289300002900375521003000404942000700434999001900441952010700460140724s9999 xx 000 0 und d aHF 5549b.B614 2013 aBinua, Ana Ekaraterina C. aStress management of students in Bachelor of Science in Business Administration Major in Human Resource Management of Southville International School and Colleges /cAna Ekaterina C. Binua. aLas Piñas, Philippines :bSouthville International School and Colleges,cc2013. a110 p. :bill. ;c28 cm. aHuman Resource Management cTH c229174d229174 001040aCLbCLcTHESESd2014-07-24l0oHF 5549 .B614 2013pT0528r2018-05-15 00:00:00w2014-07-24yTH